Star Wars Jedi and Sith by Actors - Statistics

General Stats
  • This quiz has been taken 62 times
  • The average score is 14 of 15
Answer Stats
Actor Type Gender Status Character Hint % Correct
Jake Lloyd/ Hayden Christiansen/ James Earl Jones/ David Prowse Jedi Knight/ Sith Male Dead General Anakin "Ani" "Skyguy" Skywalker/ Darth (Lord) Vader Breathing issues
100%
Ewan McGregor/ Alec Guiness Jedi Master Male Dead General Master Obi-Wan "Old Ben" Kenobi Hello there
100%
Mark Hamill Jedi Knight Male Dead General Master Luke Skywalker Projects himself then dies
98%
Frank Oz Jedi Master Male Dead Master Yoda Backwards talk he likes
98%
Ray Park Sith Male Unknown Darth Maul Silent
96%
Carrie Fisher Jedi Female Dead General Princess Leia (Organa) Skywalker-Solo Force pulls herself
96%
Samuel L. Jackson Jedi Master Male Unknown Master Mace Windu Purple lightsaber
96%
Ian McDiarmid Sith Lord Male Dead Senator Chancellor Emperor Sheev Palpatine/ Darth Sidious Zappy man
96%
Adam Driver Jedi Padawan/ Sith Male Dead Ben Solo/ Kylo Ren Always crashing helmet
94%
Liam Neeson Jedi Master Male Dead Master Qui-Gon Jinn Stabbed by ^^
94%
Christopher Lee Jedi Master/ Sith Male Dead Master Count Dooku/ Darth Tyrannus Evil???
90%
Daisy Ridley Jedi Knight Female Alive Rey "Skywalker" Palpatine Jumps in a Sith pool
90%
John Boyega Jedi Padawan Male Alive Finn Force sensitive?
88%
Rosario Dawson Jedi Knight Female Alive Ahsoka "Snips" Tano Her own show
80%
None Jedi Youngling Male Alive Grogu "Baby Yoda" "The Child" He likes eggs
49%
No matching quizzes found
Score Distribution
Percent of People with Each Score
Percentile by Number Answered
Your Score History
You have not taken this quiz